000 00264nam a22001097a 4500
008 160623b xxu||||| |||| 00| 0 eng d
100 _9781
_a Hanna, M.C
245 _aCassie & Ike
260 _aN.Cali
_b John F.Blair
_c1973
300 _aCassie & Ike
942 _2ddc
_cBK
999 _c625
_d625